Transparency in professional fees (Record no. 110471)
[ view plain ]
| 000 -LEADER | |
|---|---|
| fixed length control field | 00978cad a22002055a 4500 |
| 001 - CONTROL NUMBER | |
| control field | L149356 |
| 008 - FIXED-LENGTH DATA ELEMENTS--GENERAL INFORMATION | |
| fixed length control field | 100224s2010 xxk f 000 0 eng d |
| 035 ## - SYSTEM CONTROL NUMBER | |
| System control number | (Sirsi) u149358 |
| 041 0# - LANGUAGE CODE | |
| Language code of text/sound track or separate title | eng |
| 050 04 - LIBRARY OF CONGRESS CALL NUMBER | |
| Classification number | 331.2166 $2 18 |
| 245 00 - TITLE STATEMENT | |
| Title | Transparency in professional fees |
| Remainder of title | Final report |
| Medium | [electronic resource] |
| 260 ## - PUBLICATION, DISTRIBUTION, ETC. | |
| Place of publication, distribution, etc. | [London] |
| Name of publisher, distributor, etc. | RICS |
| Date of publication, distribution, etc. | [2010] |
| 520 ## - SUMMARY, ETC. | |
| Summary, etc. | Final report of the RICS Transparency Working Group (TWG) set up in April 2009 to look at the subject of transparency of professional fees in property transactions and services. Recommendations are also published separately [see L149415]. For up to date information on the Transparency Project is available at www.rics.org/transparency |
| 521 ## - TARGET AUDIENCE NOTE | |
| Target audience note | Advanced |
| 590 ## - LOCAL NOTE (RLIN) | |
| Local note | KA |
| 651 #4 - SUBJECT ADDED ENTRY--GEOGRAPHIC NAME | |
| Geographic name | United Kingdom |
| Chronological subdivision | |
| 690 ## - LOCAL SUBJECT ADDED ENTRY--TOPICAL TERM (OCLC, RLIN) | |
| Topical term or geographic name as entry element | MANAGEMENT-BUSINESS MANAGEMENT-FEES |
| 856 40 - ELECTRONIC LOCATION AND ACCESS | |
| Uniform Resource Identifier | <a href="https://www.rics.org/Global/Downloads/transparency-final-report.pdf">https://www.rics.org/Global/Downloads/transparency-final-report.pdf</a> |
| Public note | View the Final report free of charge at www.rics.org |
| 942 ## - ADDED ENTRY ELEMENTS (KOHA) | |
| Suppress in OPAC | 0 |
| Withdrawn status | Lost status | Source of classification or shelving scheme | Damaged status | Not for loan | Home library | Current library | Shelving location | Date acquired | Total Checkouts | Full call number | Barcode | Date last seen | Copy number | Price effective from | Koha item type |
|---|---|---|---|---|---|---|---|---|---|---|---|---|---|---|---|
| Dewey Decimal Classification | Virtual | Virtual | Online | 24/02/2010 | ONLINE PUBLICATION | 149358-2001 | 06/08/2019 | 1 | 06/08/2019 | Book |